00254nam a22001097a 4500003000400000005001700004008004100021040000700062100001700069245001300086260004500099OSt20240729115032.0240729b xxu||||| |||| 00| 0 eng d cRU aLynda Graham aSay Boo! aNew York, Toronto bScholastic Incc1996